| 000 | 01265nam0a2200325 4500 | ||
|---|---|---|---|
| 001 | RU\NLR\BIBL_A\022724592 | ||
| 005 | 20260409161438.0 | ||
| 010 |
_a978-5-4461-4487-7 _9700 |
||
| 021 |
_aRU _bКН-П-25-078464 _9КН-П-25-7603 |
||
| 035 | _a(NLR Aleph) 022724592 | ||
| 090 |
_a13653968 _c13653968 |
||
| 100 | _a20260210d2026 u y0rusy50 ca | ||
| 101 | 0 | _arus | |
| 102 | _aRU | ||
| 105 | _aac||z|||000yy | ||
| 181 | 0 |
_ai3 _baxxe |
|
| 182 | 0 | _an | |
| 200 | 1 |
_aКак управлять другими, не разрушая себя _eправила выживания для руководителей _fЛана Скакун |
|
| 203 |
_aТекст _bвизуальный _cнепосредственный |
||
| 210 |
_aСанкт-Петербург [и др.] _cПитер _d2026 (печ. 2025) |
||
| 215 |
_a188, [3] с. _cил., портр. _d21 |
||
| 225 | 1 | _aСерия "Бизнес-психология" | |
| 333 | _a16+ | ||
| 606 | 1 |
_aЛидерство в управлении _xСоциально-психологические исследования _2nlr_sh2 _3RU\NLR\AUTH\661270878 |
|
| 686 | 1 | _aС550.373 | |
| 700 | 1 |
_aСкакун _bЛ. _gЛана |
|
| 942 | _cBOOK | ||
| 980 | _aNB | ||